Loading...
| Philosophy | 1 | 4 | 1 | 0 | 50 | 82 | 107.40 | 3 | 5 | 0.00 | 0.00 |
| Literature - British | 2 | 1 | 0 | 0 | 40 | 36 | 68.33 | 2 | 3 | 0.00 | 0.00 |
| Social Science | 0 | 3 | 0 | 1 | 30 | 113 | 122.33 | 0 | 3 | 0.00 | 0.00 |
| Literature - World | 0 | 2 | 0 | 1 | 20 | 96 | 126.50 | 0 | 1 | 0.00 | 0.00 |
| Fine Arts - Auditory | 0 | 1 | 0 | 0 | 10 | 136 | 136.00 | 0 | 1 | 0.00 | 0.00 |
| Fine Arts - Visual | 0 | 1 | 0 | 0 | 10 | 146 | 146.00 | 0 | 1 | 0.00 | 0.00 |
| History - Other | 0 | 1 | 0 | 0 | 10 | 95 | 95.00 | 0 | 1 | 0.00 | 0.00 |
| History - World | 0 | 1 | 0 | 0 | 10 | 129 | 129.00 | 0 | 1 | 0.00 | 0.00 |
| Literature - American | 0 | 1 | 1 | 0 | 5 | 127 | 127.00 | 0 | 1 | 0.00 | 0.00 |
| Popular Culture | 0 | 0 | 0 | 0 | 0 | 0.00 | 0 | 0 | 0.00 | 0.00 | |
| Religion | 0 | 0 | 0 | 0 | 0 | 0.00 | 0 | 0 | 0.00 | 0.00 | |
| Science - Physics | 0 | 0 | 0 | 0 | 0 | 0.00 | 0 | 0 | 0.00 | 0.00 | |
| Literature - European | 0 | 0 | 1 | 0 | -5 | 0.00 | 0 | 0 | 0.00 | 0.00 |